000 00270nam a2200097 a 4500
005 20201002045427.0
008 140703s2005 000 spa d
245 0 _aGovernanca da internet.
260 _aRio de Janeiro -- edit. peirópolis,
_c2005 -- 96 p.
999 _c44000
_d44000
040 _aDO-SdBNP